E67(中部縦貫道)のIC - Statistics

General Stats
  • This quiz has been taken 34 times
    27 since last reset
  • The average score is 14 of 19
Answer Stats
中部縦貫道 % Correct
IC 高山
91%
IC 九頭竜
91%
IC 大野
91%
IC 勝山
91%
JCT/IC 福井北
91%
IC 白鳥
86%
IC 永平寺
86%
IC 飛騨清見
82%
IC 勝原
77%
IC 松岡
73%
IC 高山西
68%
IC 白鳥西
68%
IC 下山
68%
IC 油坂
64%
IC 上志比
64%
IC 永平寺参道
64%
IC 平湯
59%
IC 荒島
59%
IC 中ノ湯
32%
No matching quizzes found
Score Distribution
Percent of People with Each Score
Percentile by Number Answered
Your Score History
You have not taken this quiz since the last reset